| 000 | 00344nam a2200145Ia 4500 | ||
|---|---|---|---|
| 005 | 20251222152605.0 | ||
| 008 | 251222s9999||||xx |||||||||||||| ||spa|| | ||
| 020 | _a8440632959 | ||
| 082 | _a920.001/L54 | ||
| 100 | _aLevín, Robert E. | ||
| 245 | 0 | _aBiografía Bill Clinton | |
| 250 | _a1ra.ed. | ||
| 264 | _bEdicionez B, S.A. | ||
| 942 | _cLIB | ||
| 999 |
_c26743 _d26743 |
||